| 000 | 01165nam a2200313 i 4500 | ||
|---|---|---|---|
| 003 | DO-SdBNP | ||
| 005 | 20260321073646.0 | ||
| 007 | ta | ||
| 008 | 250808b2025 dr ||||| |||| 00| 0 spa d | ||
| 020 | _a9789945501957 | ||
| 040 |
_aDO-SdBNP _bspa _cBNPHU _erda |
||
| 041 | _aspa | ||
| 082 | 4 |
_aRD863.4409 _bP438J 2025 _222 |
|
| 100 | 1 |
_aPérez Mateo, Santiago, _d1969- _eautor _4aut. _980763 |
|
| 245 | 1 | 0 |
_aJuan Bosch, visión humanista en su narratividad : _bnovelas y cuentos / _cSantiago Pérez Mateo ; prólogo, Julio Cuevas |
| 264 | 4 |
_aSanto Domingo : _bEditora no identificada, _c©2025. |
|
| 300 |
_a335 páginas ; _c27 cm |
||
| 336 |
_atexto _btxt _2rdacontent |
||
| 337 |
_asin mediación _bn _2rdamedia |
||
| 338 |
_avolumen _bnc _2rdacarrier |
||
| 500 | _aIncluye datos biográficos del autor en la cubierta | ||
| 504 | _aBibliografía : páginas 327-335 | ||
| 590 | _aInventariado, 2025/BT | ||
| 600 | 1 | 0 |
_a Bosch, Juan, _d1909-2001 _xCrítica e interpretación. _976555 |
| 650 | 4 |
_aHumanismo en la literatura _987888 |
|
| 700 | 1 |
_aCuevas, Julio, _eprologuista _4pr. _978189 |
|
| 910 | _aBtavárez. Validado. Control de Calidad/MAA | ||
| 942 |
_2ddc _cLBS1 |
||
| 999 |
_c59741 _d59741 |
||